Countries With Four Borders - Two Minute Sprint - Statistics

General Stats
  • This quiz has been taken 25 times
  • The average score is 16 of 20
Answer Stats
hint answer % Correct
Libya, Palestine, Sudan Egypt
96%
Greece, Montenegro, Kosovo Albania
92%
Germany, Austria, Slovakia Czechia
88%
Egypt's 4th neighbor Israel
88%
Estonia, Lithuania, Russia Latvia
88%
Azerbaijan, Georgia, Turkey Armenia
83%
Armenia's 4th neighbor Iran
83%
Albania's 4th neighbor Macedonia
83%
Czechia's 4th neighbor Poland
83%
Netherlands, France, Luxembourg Belgium
79%
Benin's 4th neighbor Burkina Faso
79%
Kazakhstan, Uzbekistan, Tajikistan Kyrgyzstan
79%
Western Sahara, Mali, Senegal Mauritania
79%
Niger, Nigeria, Togo Benin
75%
Belgium's 4th neighbor Germany
75%
Latvia's 4th neighbor Belarus
71%
Dem Rep Congo, Congo, Zambia Angola
67%
Angola's 4th neighbor Namibia
67%
Kyrgyzstan's 4th neighbor China
63%
Mauritania's 4th neighbor Algeria
50%
No matching quizzes found
Score Distribution
Percent of People with Each Score
Percentile by Number Answered
Your Score History
You have not taken this quiz